000 00507nam a2200181Ia 4500
001 56232
008 130227n ii |||gr||||Z||||||465
020 _a81-7835-113-7
082 _a333.7
245 0 _aEnvironment And its Global Implications theory and Practice--Vol.1
_cGopal Bhargave
_hTextual Documents
250 _aFirst--2002.
260 _aDelhi
_bKALPAZ PUBLICATIONS
300 _a383pg:
_c25cm.
653 _aEconomics
653 _aG-Economics
700 _aBhargave,Gopal .
942 _2ddc
_cBK
999 _c56155
_d56155